No gain without pain? (Record no. 115727)

MARC details
000 -LEADER
fixed length control field 00820cad a22002415a 4500
001 - CONTROL NUMBER
control field L159186
008 - FIXED-LENGTH DATA ELEMENTS--GENERAL INFORMATION
fixed length control field 110131s2016 xxk f 100 0 eng d
035 ## - SYSTEM CONTROL NUMBER
System control number (Sirsi) u159186
041 0# - LANGUAGE CODE
Language code of text/sound track or separate title eng
050 04 - LIBRARY OF CONGRESS CALL NUMBER
Classification number 333.3307
100 1# - MAIN ENTRY--PERSONAL NAME
Personal name Rogers, Karen
245 00 - TITLE STATEMENT
Title No gain without pain?
Medium [electronic resource]
260 ## - PUBLICATION, DISTRIBUTION, ETC.
Place of publication, distribution, etc. London
Name of publisher, distributor, etc. RICS
Date of publication, distribution, etc. 2016
490 #0 - SERIES STATEMENT
Series statement Construction Journal
Volume/sequential designation February/March 2016, 10-11(2)
520 ## - SUMMARY, ETC.
Summary, etc. Discusses the challenges and rewards of the APC process with a candidate, an assessor/chair and a counsellor.
590 ## - LOCAL NOTE (RLIN)
Local note KA
650 24 - SUBJECT ADDED ENTRY--TOPICAL TERM
Topical term or geographic name entry element APC
9 (RLIN) 6216
650 24 - SUBJECT ADDED ENTRY--TOPICAL TERM
Topical term or geographic name entry element RICS
651 #4 - SUBJECT ADDED ENTRY--GEOGRAPHIC NAME
Geographic name United Kingdom
Chronological subdivision
690 ## - LOCAL SUBJECT ADDED ENTRY--TOPICAL TERM (OCLC, RLIN)
Topical term or geographic name as entry element APC
9 (RLIN) 6216
856 40 - ELECTRONIC LOCATION AND ACCESS
Uniform Resource Identifier <a href="https://www.rics.org/Global/Construction_Journal_February-March_2016.pdf">https://www.rics.org/Global/Construction_Journal_February-March_2016.pdf</a>
Public note View the journal free of charge at www.rics.org/journals...
942 ## - ADDED ENTRY ELEMENTS (KOHA)
Suppress in OPAC 0
Holdings
Withdrawn status Lost status Source of classification or shelving scheme Damaged status Not for loan Home library Current library Shelving location Date acquired Total Checkouts Full call number Barcode Date last seen Copy number Price effective from Koha item type
    Dewey Decimal Classification     London London Journal article 11/03/2016   L159186 159186-1001 06/08/2019 1 06/08/2019 Journal article